00724nam a22001577a 450000500170000000800380001702000150005505000210007024500540009126000310014530000170017644000230019350502840021665000320050070000340053220150124131349.0140715t ||||| |||| 00| 0 spa d a847884014104aPQ7085bC87 199000aCuentos increibles c/ Pere calders... [y otros.] aMadrid : bPopular,c1990 a96P.;c20cm.0 aLetra grande ;v21 aContenido: cosas de la provincia. / Pere calders, el principio de la sabiduría. / Pere calders, un señor muy viejo con unas alas. / Gabriel García Márquez, testigo imparcial./ Ricardo Domenech, mi asiento en el tranvia. / Daniel Sueiro, botella al mar. / Julio Cortázar 4aCuentoxLiteratura infantil1 aCalders, Pere, d1912-eautor